Logo BPK

Biblioteka

Politechniki Koszalińskiej

Kierunki rozwoju obróbki cieplnej : (Rekord nr 50782)

Szczegóły MARC
000 -ETYKIETA REKORDU
podpole kontrolne o stałej długości 00723nam a2200205 i 4500
001 - NUMER KONTROLNY REKORDU
pole kontrolne bg
040 ## - ŹRÓDŁO KATALOGOWANIA
Instytucja, która utworzyła rekord BPK
041 ## - KOD JĘZYKA
Kod języka tekstu pol
044 ## - KOD KRAJU WYDAWCY/PRODUCENTA
Kod kraju wydawcy/producenta POL
080 ## - UNIWERSALNA KLASYFIKACJA DZIESIĘTNA - UKD
UKD 621.78
008 - POLE O STAŁEJ DŁUGOŚCI - DANE KONTROLNE
podpole kontrolne o stałej długości s pl f |000 0 pol
100 1# - NAZWA OSOBOWA
Nazwa osobowa Burakowski, Tadeusz
Daty związane z nazwą (1934- ).
245 10 - TYTUŁ/ODPOWIEDZIALNOŚĆ
Tytuł Kierunki rozwoju obróbki cieplnej :
Ciąg dalszy tytułu Posiedzenie Sekcji w Warszawie, 17 marca 1988 r. /
Pozostałe elementy strefy tytułu i oznaczenia odpowiedzialności Tadeusz Burakowski ; Polska Akademia Nauk. Sekcja Podstaw Technologii Komitetu Budowy Maszyn, Instytut Mechaniki Precyzyjnej Warszawa.
260 ## - STREFA ADRESU WYDAWNICZEGO
Miejsce wydania Warszawa :
Nazwa wydawcy/dystrybutora [s. n.],
Data publikacji, dystrybucji/powstania dokumentu 1989.
Miejsce produkcji (Warsz.
Nazwa producenta IMP).
300 ## - STREFA OPISU FIZYCZNEGO
Objętość 111 s. :
Inne cechy fizyczne il. ;
Rozmiary 21 cm.
500 ## - UWAGI OGÓLNE
Tekst uwagi U dołu okł. 40.
504 ## - UWAGA DOTYCZĄCA BIBLIOGRAFII
Informacje o bibliografii Bibliogr. 107-110.
650 #9 - HASŁO PRZEDMIOTOWE W FORMIE NAZWY OGÓLNEJ LUB JEDNOSTKOWEJ
Nazwa ogólna lub geograficzna Metale
Określnik ogólny obróbka cieplna
856 ## - LOKALIZACJA I DOSTĘP DO ELEKTRONICZNYCH DOKUMENTÓW ZDALNYCH
Link (URL) http://koha.tu.koszalin.pl/cgi-bin/koha/opac-detail.pl?biblionumber=50782
Tekst linku Katalog online BPK
942 ## - DODATKOWE ELEMENTY (KOHA)
Typ dokumentu Książka
Egzemplarze
Wycofany Status egzemplarza Uszkodzony Dostępność Lokalizacja stała Lokalizacja bieżąca Miejsce przechowywania Sygnatura Kod kreskowy Typ dokumentu
      Dostępny Biblioteka Politechniki Koszalińskiej Biblioteka Politechniki Koszalińskiej Wypożyczalnia BG S 432 02325798 Książka
© 2023 Biblioteka Politechniki Koszalińskiej :: KOHA